=LDR 00000nam 2200000 4500 =001 INLIS000000000004294 =005 20130612092550 =008 ***********************************Ind** =035 ##$$0010-061300000004294 =041 ##$$a Ind =082 ##$$a 794.12 =090 ##$$a 794.12, Leg s =100 ##$$a Legi, Maxy =245 ##$$a Saat tepat untuk menjerat taktik dalam penyerangan strategi dalam pertahanan (inisiatip dalam catur), oleh Maxy Legi =260 ##$$a 1996 $b Jakarta =300 ##$$a 104 hlm., 20 cm =650 ##$$a Catur-Taktik dan strategi =850 ##$$a NBPNMAT